| 000 | 00658nam a22001577a 4500 | ||
|---|---|---|---|
| 003 | OSt | ||
| 005 | 20150910100230.0 | ||
| 008 | 150910b xxu||||| |||| 00| 0 eng d | ||
| 040 | _cRUA | ||
| 082 | _aAGR ពូ 1994 BOO11 Or.1 | ||
| 100 |
_9203 _aពូ សុវណ្ណ |
||
| 245 | _aវិធានការទប់ស្កាត់ កំហុសឆ្គងនាំការប្រើប្រាស់ថ្នាំកសិកម្មក្នុងព្រះរាជាណាចក្រកម្ពុជានាពេលប្ចុប្បន្ន | ||
| 260 |
_aPHNOMPHEN _bRUA _c1994 |
||
| 300 |
_a86P. _bILL. _c29CM. |
||
| 942 |
_2ddc _cAGR |
||
| 999 |
_c184 _d184 |
||